00843cam a2200241 a 4500003001000000005001700010007000300027008004100030020001800071040003500089082002100124100003800145245012600183250001200309264004500321300004200366336002700408337003300435338002800468650005600496650002900552700002000581CO-BoRNBP20230331141651.0ta110111s2010 ck go fr 000 0 spa  a9790801632012 aCO-BoRNBPbspaerdacCO-BoRNBP04a781.62861 bC65c1 aBarreto Suárez, Gerardo,d1955-10aCuaderno de ejercicios para el fliscorno barítono, bombardino y euphónium /cGerardo Barreto Suárez, Eucaris Guerra a1a. ed. aBogotá :bMinisterio de Cultura,c2010 a107 p. :bmúsica, fot. byn ;c28 cm atextobtxt2rdacontent asin mediaciónbn2rdamedia avolumenbnc2rdacarrier14aInstrumentos de vientovEstudios y ejercicios2LEMB24aNotación musical2LEMB1 aGuerra, Eucaris